000 00297nam a22001337a 4500
008 171031b xxu||||| |||| 00| 0 eng d
020 _a0300010850
041 _aeng
080 _a33
100 _a59
101 _aBUS
245 _aAMERICAN BUSINESS ABROAD
_cKINDLEBERGER,CH.P
942 _2udc
_cBK
999 _c36910
_d36910